[Event "SVR-op"]
[Site "Hennweiler"]
[Date "2018.03.30"]
[Round "6"]
[White "Lengler, Frank"]
[Black "Reuther, Marvin"]
[Result "0-1"]
[WhiteElo "1547"]
[BlackElo "1264"]
[PlyCount "118"]
[EventDate "2018.03.24"]
[EventType "swiss"]
[EventRounds "7"]
[EventCountry "GER"]
[SourceTitle "EXT 2020"]
[Source "ChessBase"]
[SourceDate "2019.10.17"]
[SourceVersion "1"]
[SourceVersionDate "2019.10.17"]
[SourceQuality "1"]

1. e4 e5 2. Nf3 Nc6 3. Bc4 Bc5 4. 0-0 Nf6 5. d4 Bxd4 6. Nxd4 Nxd4 7. f4 d6 8. Qd3 0-0 9. c3 Nc6 10. b4 a6 11. f5 b5 12. Bb3 h6 13. Qf3 Bb7 14. Re1 Ne7 15. Nd2 c5 16. bxc5 dxc5 17. Bb2 Qxd2 18. Re2 Qd6 19. Rd1 Qc7 20. Bc2 c4 21. Bc1 Rfd8 22. Rde1 Rac8 23. g4 Qc5+ 24. Kf1 Qc6 25. g5 hxg5 26. Bxg5 Re8 27. Rg2 Nh7 28. Bh4 Qh6 29. Rg4 Nf6 30. Bxf6 Qxf6 31. Re2 Red8 32. Reg2 Qxf5 33. Rxg7+ Kh8 34. Rxf7 Qxf3+ 35. Rxf3 Rf8 36. Rgf2 Rxf3 37. Rxf3 Kg7 38. Kg2 Ng6 39. Rg3 Rg8 40. Kf2 Rf8+ 41. Ke3 Rf4 42. a3 Rh4 43. h3 Bc8 44. Bd1 Rxh3 45. Rxh3 Bxh3 46. Kf3 Nf4 47. Kg3 Kg6 48. Kh4 Bg2 49. Bc2 Nd3 50. a4 Bxe4 51. axb5 axb5 52. Kg3 Kf5 53. Bb1 Nc1 54. Bxe4+ Kxe4 55. Kf2 Kd3 56. Ke1 Kxc3 57. Kd1 Kb2 58. Kd2 c3+ 59. Ke1 Ne2 0-1

[Event "SVR-op"]
[Site "Hennweiler"]
[Date "2018.03.29"]
[Round "5"]
[White "Eske, Alexander"]
[Black "Lengler, Frank"]
[Result "1-0"]
[WhiteElo "1789"]
[BlackElo "1547"]
[PlyCount "47"]
[EventDate "2018.03.24"]
[EventType "swiss"]
[EventRounds "7"]
[EventCountry "GER"]
[SourceTitle "EXT 2020"]
[Source "ChessBase"]
[SourceDate "2019.10.17"]
[SourceVersion "1"]
[SourceVersionDate "2019.10.17"]
[SourceQuality "1"]

1. e4 d5 2. Nc3 d4 3. Nce2 e5 4. d3 c5 5. g3 Ne7 6. Bg2 Nbc6 7. h3 Be6 8. f4 f6 9. Nf3 c4 10. f5 Bf7 11. 0-0 cxd3 12. cxd3 b5 13. Bd2 a5 14. g4 Nb4 15. Bxb4 axb4 16. a3 bxa3 17. bxa3 Nc6 18. Qc2 Na5 19. Rfb1 Qd7 20. Nd2 Rc8 21. Qb2 Rb8 22. Nc1 Bd6 23. Ncb3 Nc6 24. Rc1 1-0

[Event "SVR-op"]
[Site "Trier"]
[Date "2016.03.20"]
[Round "3"]
[White "Eske, Alexander"]
[Black "Lengler, Frank"]
[Result "1-0"]
[WhiteElo "1725"]
[BlackElo "1414"]
[PlyCount "109"]
[EventDate "2016.03.19"]
[EventType "swiss"]
[EventRounds "7"]
[EventCountry "GER"]
[SourceTitle "CBM 171 Extra"]
[Source "ChessBase"]
[SourceDate "2016.04.26"]
[SourceVersion "1"]
[SourceVersionDate "2016.04.26"]
[SourceQuality "1"]

1. b3 e5 2. Bb2 Nc6 3. e3 d5 4. d3 Nge7 5. Be2 Ng6 6. Nf3 Bd6 7. 0-0 0-0 8. Nbd2 Bg4 9. e4 Nce7 10. Re1 c6 11. c4 Nf4 12. Bf1 d4 13. a3 Neg6 14. h3 Nxh3+ 15. gxh3 Bh5 16. Bg2 Nf4 17. Nf1 f5 18. Ng3 Bxf3 19. Qxf3 Nxg2 20. Qxg2 f4 21. Nf5 Qf6 22. Nxd6 Qxd6 23. Qf3 Rf6 24. Kh2 Raf8 25. Rg1 Rh6 26. Rg5 Rff6 27. Rag1 g6 28. Qg4 Kg7 29. f3 a6 30. Rf5 Qc7 31. Rxf6 Kxf6 32. h4 Kg7 33. Kh3 Qd8 34. Qg5 Qe8 35. Qf5 Qe7 36. Rg5 Rh5 37. Qg4 Qxg5 38. Qxg5 Rxg5 39. hxg5 b6 40. c5 b5 41. a4 b4 42. a5 Kf7 43. Bc1 Ke6 44. Kg4 Kf7 45. Bd2 Ke7 46. Bxb4 Kd7 47. Bd2 Ke7 48. Bxf4 exf4 49. Kxf4 Ke6 50. b4 Ke7 51. Ke5 Kd7 52. Kf6 Ke8 53. e5 Kd7 54. Kf7 Kd8 55. e6 1-0

[Event "SVR-op"]
[Site "Trier"]
[Date "2016.03.19"]
[Round "2"]
[White "Lengler, Frank"]
[Black "Laubenstein, Peter"]
[Result "1/2-1/2"]
[WhiteElo "1414"]
[BlackElo "1841"]
[PlyCount "68"]
[EventDate "2016.03.19"]
[EventType "swiss"]
[EventRounds "7"]
[EventCountry "GER"]
[SourceTitle "CBM 171 Extra"]
[Source "ChessBase"]
[SourceDate "2016.04.26"]
[SourceVersion "1"]
[SourceVersionDate "2016.04.26"]
[SourceQuality "1"]

1. e4 c6 2. Nc3 d5 3. exd5 cxd5 4. d4 Nc6 5. Nge2 Bf5 6. Ng3 Bg6 7. f4 e6 8. Bb5 Bb4 9. 0-0 Bxc3 10. bxc3 Nge7 11. Qe2 0-0 12. Bd3 Rc8 13. Bd2 Na5 14. f5 Nxf5 15. Bxf5 exf5 16. Nxf5 Re8 17. Qf3 Nc4 18. Be1 Qd7 19. Qg4 Qe6 20. Qh3 Ne3 21. Qxe3 Qxe3+ 22. Nxe3 Rxe3 23. Rf2 Rce8 24. Kf1 Bh5 25. Rf5 Be2+ 26. Kf2 Bc4 27. Re5 R3xe5 28. dxe5 Rxe5 29. Kf3 Re2 30. Rc1 b5 31. a3 f6 32. Bf2 Kf7 33. Bxa7 Kg6 34. h3 Kf5 1/2-1/2

[Event "SVR-op"]
[Site "Trier"]
[Date "2016.03.19"]
[Round "1"]
[White "Weber, Thomas"]
[Black "Lengler, Frank"]
[Result "0-1"]
[WhiteElo "2003"]
[BlackElo "1414"]
[PlyCount "42"]
[EventDate "2016.03.19"]
[EventType "swiss"]
[EventRounds "7"]
[EventCountry "GER"]
[SourceTitle "CBM 171 Extra"]
[Source "ChessBase"]
[SourceDate "2016.04.26"]
[SourceVersion "1"]
[SourceVersionDate "2016.04.26"]
[SourceQuality "1"]

1. e4 d5 2. Bd3 e5 3. Nf3 Nc6 4. 0-0 Bg4 5. h3 Bh5 6. Bb5 dxe4 7. Nc3 exf3 8. gxf3 Qg5+ 9. Kh2 e4 10. Nxe4 Qxb5 11. d3 0-0-0 12. Ng3 Bd6 13. f4 Bxd1 14. Rxd1 Nd4 15. Be3 Nxc2 16. Rac1 Nxe3 17. fxe3 Qxb2+ 18. Ne2 Qxe2+ 19. Kg3 Qxe3+ 20. Kg4 Qxf4+ 21. Kh5 Nf6# 0-1

[Event "Rheinland Pfalz op 5th"]
[Site "Worms"]
[Date "2013.05.30"]
[Round "2"]
[White "Lengler, Frank"]
[Black "Kirmeir, Andreas"]
[Result "0-1"]
[WhiteElo "1404"]
[BlackElo "1771"]
[PlyCount "80"]
[EventDate "2013.05.30"]
[EventType "swiss"]
[EventRounds "7"]
[EventCountry "GER"]
[SourceTitle "EXT 2014"]
[Source "ChessBase"]
[SourceDate "2013.11.20"]
[SourceVersion "1"]
[SourceVersionDate "2013.11.20"]
[SourceQuality "1"]

1. e4 e6 2. d4 d6 3. Nf3 Nd7 4. Bd3 g6 5. 0-0 Bg7 6. c3 b6 7. Na3 Bb7 8. Re1 Ne7 9. Qe2 a6 10. b4 h6 11. Bb2 0-0 12. Rad1 g5 13. Bb1 Ng6 14. Qc2 e5 15. dxe5 Ndxe5 16. Nd4 Qf6 17. Nf5 Bc8 18. Nxg7 Kxg7 19. c4 Be6 20. Re3 Kg8 21. Kh1 Qe7 22. Qc3 f6 23. f3 Rad8 24. Bc2 Qf7 25. b5 a5 26. Bb3 Nf4 27. g3 Nh3 28. Kg2 Qh5 29. f4 gxf4 30. gxf4 Nxf4+ 31. Kh1 Kh7 32. Rf1 Ng4 33. Qd2 Nxe3 34. Rxf4 Ng4 35. Bd1 Qg5 36. Bxg4 Bxg4 37. Bc1 Rg8 38. Rxg4 Qxd2 39. Bxd2 Rxg4 40. Nb1 Rxe4 0-1

[Event "SVR-op 35th"]
[Site "Nickenich"]
[Date "2012.04.07"]
[Round "7"]
[White "Teper, Engin"]
[Black "Lengler, Frank"]
[Result "0-1"]
[WhiteElo "792"]
[BlackElo "1381"]
[PlyCount "30"]
[EventDate "2012.03.30"]
[EventType "swiss"]
[EventRounds "7"]
[EventCountry "GER"]
[SourceTitle "EXT 2013"]
[Source "ChessBase"]
[SourceDate "2012.11.22"]
[SourceVersion "1"]
[SourceVersionDate "2012.11.22"]
[SourceQuality "1"]

1. d4 Nf6 2. h3 b6 3. Bf4 Bb7 4. Nf3 d6 5. Nbd2 e5 6. dxe5 dxe5 7. Bxe5 Nc6 8. Bc3 Nd5 9. Ne4 f5 10. Ng3 Qd7 11. Qd3 Nce7 12. 0-0-0 0-0-0 13. Nd4 Nxc3 14. Qxc3 Nc6 15. Nxc6 Qxd1# 0-1

[Event "SVR-op 35th"]
[Site "Nickenich"]
[Date "2012.04.06"]
[Round "6"]
[White "Lengler, Frank"]
[Black "Vagner, Viktor"]
[Result "0-1"]
[WhiteElo "1381"]
[BlackElo "1901"]
[PlyCount "82"]
[EventDate "2012.03.30"]
[EventType "swiss"]
[EventRounds "7"]
[EventCountry "GER"]
[SourceTitle "EXT 2013"]
[Source "ChessBase"]
[SourceDate "2012.11.22"]
[SourceVersion "1"]
[SourceVersionDate "2012.11.22"]
[SourceQuality "1"]

1. e4 e5 2. Bc4 Nf6 3. Nc3 Bc5 4. Nf3 Nc6 5. d3 h6 6. h3 a6 7. a3 d6 8. Bd2 b5 9. Bb3 0-0 10. Qc1 Be6 11. Nd5 Nd4 12. Bxh6 Nxb3 13. Qg5 Ne8 14. Ne7+ Qxe7 15. Qxe7 Nxa1 16. Qg5 Nxc2+ 17. Kd1 Nd4 18. Rg1 f6 19. Qg6 Bf7 20. Qg3 Bb3+ 21. Kd2 Kf7 22. Nxd4 Bxd4 23. Be3 Bxe3+ 24. Kxe3 c5 25. f4 c4 26. fxe5 dxe5 27. Rf1 Ke7 28. Qe1 Rd8 29. Qb4+ Kf7 30. dxc4 Bxc4 31. Rf2 Nc7 32. Rc2 Ne6 33. a4 Rd4 34. Qa5 bxa4 35. Qxa4 Bb5 36. Qa2 Rfd8 37. Rc7+ R8d7 38. Rc5 Ke7 39. Rc8 Rd2 40. h4 Kf7 41. Kf3 R7d3+ 0-1

[Event "SVR-op 35th"]
[Site "Nickenich"]
[Date "2012.04.05"]
[Round "5"]
[White "Zimmer, Lukas"]
[Black "Lengler, Frank"]
[Result "0-1"]
[WhiteElo "791"]
[BlackElo "1381"]
[PlyCount "42"]
[EventDate "2012.03.30"]
[EventType "swiss"]
[EventRounds "7"]
[EventCountry "GER"]
[SourceTitle "EXT 2013"]
[Source "ChessBase"]
[SourceDate "2012.11.22"]
[SourceVersion "1"]
[SourceVersionDate "2012.11.22"]
[SourceQuality "1"]

1. d4 Nf6 2. Nf3 g6 3. Nc3 Bg7 4. e4 0-0 5. e5 Ne8 6. Bd3 Nc6 7. Be3 d6 8. 0-0 dxe5 9. dxe5 Nxe5 10. Nxe5 Bxe5 11. f4 Bg7 12. Qf3 c6 13. Rad1 Qa5 14. Bd2 Qb6+ 15. Kh1 Qxb2 16. Be2 Qxc2 17. Bd3 Qb2 18. Be2 Nf6 19. Ne4 Nxe4 20. Qxe4 Bf5 21. Qxe7 Rae8 0-1

[Event "SVR-op 34th"]
[Site "Reil"]
[Date "2011.04.16"]
[Round "2"]
[White "Lengler, Frank"]
[Black "Laubenstein, Cameron"]
[Result "1-0"]
[WhiteElo "1350"]
[BlackElo "795"]
[PlyCount "31"]
[EventDate "2011.04.16"]
[EventType "swiss"]
[EventRounds "7"]
[EventCountry "GER"]
[SourceTitle "EXT 2013"]
[Source "ChessBase"]
[SourceDate "2012.11.22"]
[SourceVersion "1"]
[SourceVersionDate "2012.11.22"]
[SourceQuality "1"]

1. e4 e5 2. Nc3 Nf6 3. Bc4 Nc6 4. f4 exf4 5. Nf3 Bc5 6. d4 Bb4 7. 0-0 d6 8. Bxf4 Bxc3 9. bxc3 Be6 10. d5 Bd7 11. dxc6 Bxc6 12. Ng5 0-0 13. Qd3 d5 14. exd5 Bxd5 15. Bxd5 Nxd5 16. Qxh7# 1-0

[Event "SVR-op 33rd"]
[Site "Mendig"]
[Date "2010.04.01"]
[Round "4"]
[White "Froehlich, Michael"]
[Black "Lengler, Frank"]
[Result "0-1"]
[WhiteElo "1000"]
[BlackElo "1399"]
[PlyCount "52"]
[EventDate "2010.03.27"]
[EventType "swiss"]
[EventRounds "7"]
[EventCountry "GER"]
[SourceTitle "EXT 2011"]
[Source "ChessBase"]
[SourceDate "2010.11.26"]
[SourceVersion "1"]
[SourceVersionDate "2010.11.26"]
[SourceQuality "1"]

1. e4 e6 2. h3 b6 3. a3 Bb7 4. d3 Be7 5. Nf3 a6 6. Be3 c5 7. Nc3 Nc6 8. Be2 d6 9. Qd2 h6 10. 0-0-0 Qc7 11. Kb1 Nf6 12. g4 b5 13. Na2 a5 14. d4 Nxe4 15. Qe1 c4 16. Rg1 f6 17. Nc3 Na7 18. Nh4 Kf7 19. f3 Nxc3+ 20. Qxc3 Bd5 21. f4 b4 22. Qe1 bxa3 23. bxa3 Rhb8+ 24. Kc1 Qb6 25. Kd2 c3+ 26. Kxc3 Qb2+ 0-1

[Event "SVR-op 31th"]
[Site "Idar Oberstein"]
[Date "2008.03.21"]
[Round "6"]
[White "Lengler, Frank"]
[Black "Baumann, Bettina"]
[Result "0-1"]
[WhiteElo "1488"]
[BlackElo "1518"]
[PlyCount "120"]
[EventDate "2008.03.15"]
[EventType "tourn"]
[EventRounds "7"]
[EventCountry "GER"]
[SourceTitle "EXT 2009"]
[Source "ChessBase"]
[SourceDate "2008.11.26"]
[SourceVersion "1"]
[SourceVersionDate "2008.11.26"]
[SourceQuality "1"]

1. f3 d5 2. d4 Nf6 3. Bf4 Nc6 4. e3 e6 5. Nd2 Be7 6. Ne2 0-0 7. g4 h6 8. h4 Nh7 9. g5 hxg5 10. hxg5 Nxg5 11. Nc3 f5 12. Qe2 Rf6 13. Bxg5 Rg6 14. Bxe7 Qxe7 15. f4 Qf6 16. Nf3 Rh6 17. Qg2 Bd7 18. 0-0-0 a6 19. Be2 Kf7 20. Rdg1 Rxh1 21. Ne5+ Nxe5 22. fxe5 Rxg1+ 23. Qxg1 Qh6 24. Qd1 b5 25. Qd2 g5 26. Nd1 g4 27. Qa5 Qf8 28. Qxc7 Qc8 29. Qa5 Qb7 30. Qe1 Rg8 31. Qh4 Bc8 32. Nf2 Kf8 33. Nd3 Qe7 34. Qg3 Rh8 35. Nf4 Rh1+ 36. Bd1 Qh7 37. Qf2 Qh2 38. Ng2 Rg1 39. Qd2 Qh7 40. Qa5 Qd7 41. Nf4 Rf1 42. Nh5 Rh1 43. Nf6 Qe7 44. Kd2 g3 45. Bf3 g2 46. Bxg2 Rh2 47. Kd3 Rxg2 48. Nh7+ Kg7 49. Nf6 Rg6 50. Nh5+ Kf7 51. Nf4 Rh6 52. b3 Rh8 53. a3 Qd8 54. Qc3 Bd7 55. Qe1 Be8 56. Qc3 Qd7 57. b4 Qc6 58. Qe1 Qc4+ 59. Kd2 Rh2+ 60. Ne2 Ke7 0-1

[Event "SVR-op 31th"]
[Site "Idar Oberstein"]
[Date "2008.03.16"]
[Round "3"]
[White "Schmorleiz, Bernd"]
[Black "Lengler, Frank"]
[Result "0-1"]
[WhiteElo "1578"]
[BlackElo "1488"]
[PlyCount "68"]
[EventDate "2008.03.15"]
[EventType "tourn"]
[EventRounds "7"]
[EventCountry "GER"]
[SourceTitle "EXT 2009"]
[Source "ChessBase"]
[SourceDate "2008.11.26"]
[SourceVersion "1"]
[SourceVersionDate "2008.11.26"]
[SourceQuality "1"]

1. d4 Nf6 2. e3 e6 3. Bd3 b6 4. Nd2 Bb7 5. Ngf3 c5 6. c3 Qc7 7. Qe2 d6 8. e4 a6 9. h3 Be7 10. 0-0 b5 11. Nh2 Nbd7 12. f4 0-0-0 13. a4 c4 14. Bc2 h5 15. Qe3 Nh7 16. Ndf3 f6 17. axb5 axb5 18. b3 Nb6 19. Nd2 g5 20. fxg5 Nxg5 21. bxc4 bxc4 22. Nhf3 Rdg8 23. Nxg5 Rxg5 24. Rf2 Rhg8 25. Kf1 d5 26. Nf3 Rg3 27. exd5 e5 28. Qe1 Nxd5 29. dxe5 fxe5 30. Ba3 Bxa3 31. Rxa3 Qc5 32. Bf5+ Kd8 33. Raa2 Ne3+ 34. Ke2 Nxf5 0-1